000 00460nmm a2200169Ia 4500
008 251105s9999||||xx |||||||||||||||||und||
020 _a9788498958553
041 _aspa
100 _aMujica, Hugo
245 0 _aCuando todo calla
264 _a[Madrid, España] :
_bVisor Libros,
_c2013
300 _a70 páginas
490 _aVisor de Poesía
650 _aLatin American poetry
856 _uhttps://public.digitaliapublishing.com/a/41533
942 _cCF
999 _c92316
_d92316